LEADER 03693 am 2200781 n 450 001 9910496011303321 005 20210421 010 $a979-1-03-656681-3 024 7 $a10.4000/books.pup.26558 035 $a(CKB)4100000011966004 035 $a(FrMaCLE)OB-pup-26558 035 $a(oapen)https://directory.doabooks.org/handle/20.500.12854/86362 035 $a(PPN)256384215 035 $a(EXLCZ)994100000011966004 100 $a20210629j|||||||| ||| 0 101 0 $afre 135 $auu||||||m|||| 181 $ctxt$2rdacontent 182 $cc$2rdamedia 183 $acr$2rdacarrier 200 10$aPeupler et habiter l?Italie et le monde romain /$fStéphane Bourdin, Julien Dubouloz, Emmanuelle Rosso 210 $aAix-en-Provence $cPresses universitaires de Provence$d2021 215 $a1 online resource (300 p.) 225 1 $aArchéologie méditerranéenne 311 $a2-85399-927-0 330 $aEnvisager l?histoire de la domination romaine à travers l?étude des organisations humaines et des modes d?habiter, telle est l?ambition de cet ouvrage. Il est conçu comme un dialogue entre archéologues, historiens de l?art, historiens et spécialistes de littérature ancienne, tous élèves ou collègues de Xavier Lafon, à qui ce livre est offert. Au c?ur de cet ouvrage se trouvent l?Italie, le monde celtique et les villes du sud de la Gaule, depuis leur conquête par Rome jusqu?à la fin de l?Antiquité. Les modes d?habiter sont envisagés depuis l?échelle la plus large, l?occupation et l?aménagement du territoire, jusqu?aux détails des formes architecturales et du décor ? dans leurs aspects techniques autant qu?esthétiques. C?est donc un parcours dans l?espace des villes romaines qui est proposé, entre monuments et maisons, mais aussi dans le monde romain, depuis la Grèce où Rome trouve un répertoire des formes architecturales et décoratives jusqu?aux villes d?Occident qui prennent à leur tour Rome pour modèle. 606 $aArchitecture, Domestic$zRome 606 $aCity planning$zRome 607 $aRome$xSocial life and customs 607 $aRome$xPopulation 610 $aItalie 610 $aarchéologie 610 $amonde romain 615 0$aArchitecture, Domestic 615 0$aCity planning 700 $aAdam$b Anne-Marie$0187211 701 $aBadie$b Alain$01330717 701 $aBouffier$b Sophie$01248407 701 $aBourdin$b Stéphane$0617444 701 $aBukowiecki$b Évelyne$0844789 701 $aCaire$b Emmanuèle$01248327 701 $aDessales$b Hélène$0618550 701 $aDubouloz$b Julien$0305591 701 $aExcoffon$b Pierre$0477542 701 $aFichtl$b Stephan$01329174 701 $aFourdrin$b Jean-Pascal$01330718 701 $aGros$b Pierre$024148 701 $aLemaire$b Anca$01300848 701 $aMarc$b Jean-Yves$01330719 701 $aMateti? Poljak$b Daniela$01330720 701 $aMonterroso$b Antonio$0704715 701 $aMoretti$b Jean-Charles$0459520 701 $aPittia$b Sylvie$0305590 701 $aRobert$b Renaud$01292644 701 $aRosso$b Emmanuelle$01245216 701 $aRousse$b Corinne$01317514 701 $aSagetat-Basseuil$b Elsa$01330721 701 $aSauron$b Gilles$0183893 701 $aTardy$b Dominique$01292145 701 $aZugmeyer$b Stéphanie$01330722 701 $aBourdin$b Stéphane$0617444 701 $aDubouloz$b Julien$0305591 701 $aRosso$b Emmanuelle$01245216 801 0$bFR-FrMaCLE 906 $aBOOK 912 $a9910496011303321 996 $aPeupler et habiter l?Italie et le monde romain$93039949 997 $aUNINA